ბათუმის შოთა რუსთაველის სახელმწიფო უნივერსიტეტის ბიბლიოთეკა

ანტიკური ხანის საქართველოს არქიტექტურული ძეგლები : (ბიბ.ჩანაწერი № 59996)

000 -ლიდერი
ფიქსირებული სიგრძის საკონტროლო ველი 01285nam a22002057a 4500
003 - საკონტროლო ნომრის იდენტიფიკატორი
საკონტროლო ველი Ge_BSU
005 - ბოლო ოპერაციის თარიღი და დრო
საკონტროლო ველი 20230529161531.0
008 - ფიქსირებული სიგრძის მონაცემთა ელემენტები - ზოგადი ინფორმაცია
ფიქსირებული სიგრძის საკონტროლო ველი 230529s1978 ge ||||| |||| 00| 0 geo d
041 ## - ენის კოდი
Language code of text/sound track or separate title geo
080 ## - უნივერსალური ათობითი კლასიფიკაციის ინდექსი
Universal Decimal Classification number 711.424(479.22)(084.12) ლ-28
100 ## - მთავარი ჩანაწერი - პიროვნების სახელი
Personal name ლეჟავა, გ.
9 (RLIN) 3023
245 ## - ცნობა სათაურის შესახებ
Title ანტიკური ხანის საქართველოს არქიტექტურული ძეგლები :
Remainder of title [ალბომი] /
Statement of responsibility, etc გ. ლეჟავა; რედ. ო ლორთქიფანიძე; საქართველოს არქეოლოგიური კომისია. ივ. ჯავახიშვილის სახ. ისტორიის, არქეოლოგიისა და ეთნოგრაფიის ინ-ტი.
264 ## - წარმოების, გამოცემის, დისტრიბუციის და სხვა ცნობები
გამოცემის, წარმოების, დისტრიბუციის... ადგილი თბილისი:
გამოცემის, წარმოების, დისტრიბუციის... სახელწოდება მეცნიერება,
გამოცემის, წარმოების, დისტრიბუციის... თარიღი 1978.
300 ## - ფიზიკური აღწერა
Extent 34 გვ. :
Other physical details 61 ფ. ილ. ;
Dimensions 25 სმ.
501 ## - შენიშვნა თანმხლებ მასალაზე
With note პარალ. ტექსტი რუს.
653 ## - INDEX TERM--UNCONTROLLED
Uncontrolled term საქართველოს არქიტექტურული ძეგლები
653 ## - INDEX TERM--UNCONTROLLED
Uncontrolled term ფოტოალბომები
700 ## - ADDED ENTRY--PERSONAL NAME
Personal name ლორთქიფანიძე, ო
Relator term რედაქტორი
9 (RLIN) 17578
942 ## - ADDED ENTRY ELEMENTS (KOHA)
Source of classification or shelving scheme
Koha item type წიგნი
ეგზემპლარები
ჩამოწერის სტატუსი დაკარგული ეგზემპლარის სტატუსი კლასიფიკაციის წყარო ან თაროზე გაწყობის სქემა დაზიანების სტატუსი არ გაიცემა მუდმივი მდებარეობა (დაცვის ადგილი) ამჟამინდელი ადგილსამყოფელი თაროზე განთავსების ადგილი შეძენის თარიღი ღირებულება, შესყიდვის ნორმალური ფასი სრული შენახვის შიფრი შტრიხკოდი ბოლო ოპერაციის თარიღი ეგზემპლარის მიმდევრობითი ნომერი (კეტერი?) Uniform Resource Identifier ფასის ძალაში შესვლის თარიღი ეგზემპლარის სახეობა საჯარო შენიშვნა
          ბათუმის შოთა რუსთაველის სახელმწიფო უნივერსიტეტის მთავარი ბიბლიოთეკა ბათუმის შოთა რუსთაველის სახელმწიფო უნივერსიტეტის მთავარი ბიბლიოთეკა წიგნსაცავი 2023-05-29 8.00 711.424(479.22)(084.12) ლ-28 64493 2023-05-29 64493 ბსუ-ს საპატიო დოქტორის გურამ ლორთქიფანიძის საჩუქარი 2023-05-29 წიგნი 8 ლ.